00385cam a2200157ua 45000010005000000080039000050400009000440820013000531000023000662450041000892500009001302600032001393000017001716530019001886530020002073375111019n ii |||gr||||Z||||||asm cMAIN a891.45131 aSarmah, Dimbeswar,11aBhalpowar arantcby Dimbeswar Sarmah a1st. aGuahati:bLabanya Devi,982. a183p:c23cm. aAssamese novel aBhalpowar arant